Talleyrand (Record no. 123987)
[ view plain ]
| 000 -LEADER | |
|---|---|
| campo de control de longitud fija | 01052nam a2200253 i 4500 |
| 001 - NÚMERO DE CONTROL | |
| campo de control | 123987 |
| 003 - IDENTIFICADOR DE NÚMERO DE CONTROL | |
| campo de control | ES-MaACL |
| 005 - FECHA Y HORA DE LA ÚLTIMA TRANSACCIÓN | |
| campo de control | 20251219095613.0 |
| 007 - CAMPO FIJO DE DESCRIPCIÓN FÍSICA--INFORMACIÓN GENERAL | |
| campo de control de longitud fija | t| |
| 008 - DATOS DE LONGITUD FIJA--INFORMACIÓN GENERAL | |
| campo de control de longitud fija | 070214s1926 sp |||| |bspa d |
| 080 ## - NÚMERO DE LA CLASIFICACIÓN DECIMAL UNIVERSAL | |
| Número de la Clasificación Decimal Universal | 929 Talleyrand-Périgord, Charles Maurice de, prince de Bénèvent |
| 100 1# - ENTRADA PRINCIPAL--NOMBRE DE PERSONA | |
| Nombre de persona | Villa-Urrutia, Wenceslao Ramírez de Villa-Urrutia, |
| Títulos y otros términos asociados al nombre | Marqués de, |
| Fechas asociadas al nombre | 1850-1933 |
| 9 (RLIN) | 114894 |
| 245 10 - MENCIÓN DEL TÍTULO | |
| Título | Talleyrand |
| Resto del título | : ensayo biográfico (con un retrato) / |
| Mención de responsabilidad, etc. | Marqués de Villa-Urrutia. |
| 260 ## - PUBLICACIÓN, DISTRIBUCIÓN, ETC. | |
| Lugar de publicación, distribución, etc. | Madrid : |
| Nombre del editor, distribuidor, etc. | Francisco Beltrán, Librería Española y Extranjera, |
| Fecha de publicación, distribución, etc. | 1926 ( |
| Fabricante | Tip. Artística) |
| 300 ## - DESCRIPCIÓN FÍSICA | |
| Extensión | 312 p. : |
| Otras características físicas | 1 retr. ; |
| Dimensiones | 22 cm. |
| 500 ## - NOTA GENERAL | |
| Nota general | Índice. |
| 504 ## - NOTA DE BIBLIOGRAFÍA, ETC. | |
| Nota de bibliografía, etc. | Bibliografía: p. [297]-298. |
| 530 ## - NOTA DISPONIBLE DE FORMULARIO FÍSICO ADICIONAL | |
| Nota de formato físico adicional disponible | Disponible en formato digital. |
| 600 14 - PUNTO DE ACCESO ADICIONAL DE MATERIA--NOMBRE DE PERSONA | |
| Nombre de persona | Talleyrand-Périgord, Charles Maurice de, |
| Títulos y otros términos asociados al nombre | prince de Bénèvent, |
| Fechas asociadas al nombre | 1754-1838 |
| 9 (RLIN) | 109131 |
| 852 ## - LOCALIZACIÓN | |
| Ubicación | ES-MaACL |
| Número de control de estantería | F-4438 |
| Ubicación en estantería | Depósito 2 |
| 856 4# - LOCALIZACIÓN Y ACCESO ELECTRÓNICOS | |
| Identificador Uniforme de Recursos | <a href="http://bdh-rd.bne.es/viewer.vm?id=0000099747&page=1 ">http://bdh-rd.bne.es/viewer.vm?id=0000099747&page=1 </a> |
| Texto de enlace | (Biblioteca Digital Hispánica) |
| 942 ## - ELEMENTOS DE ENTRADA SECUNDARIOS (KOHA) | |
| Fuente del sistema de clasificación o colocación | Clasificación decimal universal |
| Estatus retirado | Estado de pérdida | Estado de daño | No para préstamo | Colección | Biblioteca de origen | Biblioteca actual | Ubicación en estantería | Fecha de adquisición | Fuente de adquisición | Total de préstamos | Signatura topográfica completa | Código de barras | Visto por última vez | Precio de reemplazo | Tipo de ítem Koha |
|---|---|---|---|---|---|---|---|---|---|---|---|---|---|---|---|
| Colección digital | Biblioteca del Ateneo de Madrid | Biblioteca del Ateneo de Madrid | Depósito 2 | 17/01/2008 | F-4438 | 1129175 | 23/02/2023 | 23/02/2023 | Libro impreso |
